Introduction to nonlinear physics /
Guardado en:
| Otros Autores: | |
|---|---|
| Formato: | Libro |
| Idioma: | English |
| Publicado: |
New York :
Springer,
c1997.
|
| Materias: | |
| Etiquetas: |
Agregar Etiqueta
Sin Etiquetas, Sea el primero en etiquetar este registro!
|
| LEADER | 01649cam a2200241 a 4500 | ||
|---|---|---|---|
| 001 | MAT.inmabb003320 | ||
| 008 | 960321s1997####nyua#####b####001#0#eng## | ||
| 005 | 20160621122548.0 | ||
| 245 | 0 | 0 | |a Introduction to nonlinear physics / |c Lui Lam, editor. |
| 260 | |a New York : |b Springer, |c c1997. | ||
| 300 | |a xiv, 417 p. : |b il. ; |c 25 cm. | ||
| 504 | |a Incluye referencias bibliográficas e índice. | ||
| 505 | 0 | |a Thomas C. Halsey, Fractals and diffusive growth -- Thomas C. Halsey, Multifractality -- Thomas C. Halsey, Scaling arguments and diffusive growth -- Stephen G. Eubank and J. Doyne Farmer, Introduction to dynamical systems -- Stephen G. Eubank and J. Doyne Farmer, Probability, random processes, and the statistical description of dynamics -- Stephen G. Eubank and J. Doyne Farmer, Modeling chaotic systems -- Leonard M. Sander, Phenomenology of growth -- Leonard M. Sander, Models and applications -- Lui Lam, Integrable systems -- Lui Lam, Nonintegrable systems -- David E. Hiebeler and Robert Tatar, Cellular automata and discrete physics -- Ralph H. Abraham, Visualization techniques for cellular dynamata -- Geoffrey K. Vallis, From laminar flow to turbulence -- Lui Lam, Active walks: pattern formation, self-organization, and complex systems -- Michael Nauenberg, Appendix: historical remarks on chaos. | |
| 510 | 4 | |a MR, |c 98b:00013 | |
| 020 | |a 0387947582 | ||
| 700 | 1 | |a Lam, Lui. |4 edt | |
| 650 | 0 | |a Nonlinear theories. | |
| 650 | 0 | |a Mathematical physics. | |
| 084 | |a 00A69 (00A05 00A79 35-01 58-01 82-01) |2 MR | ||
| 084 | |a 28A80 |2 msc2000 | ||
| 010 | |a 96014764 | ||
| 040 | |a DLC |c DLC |d DLC | ||
| 859 | |h 00A69 |i In61 |p A-7631 |b BIB. MATEMATICA | ||
